|
|
|
|
| LEADER |
00000naa2a2200000 4500 |
| 001 |
238976 |
| 005 |
20251205161313.0 |
| 035 |
|
|
|a (RuTPU)RU\TPU\book\260187
|
| 035 |
|
|
|a RU\TPU\book\260185
|
| 090 |
|
|
|a 238976
|
| 100 |
|
|
|a 20130603d2012 k y0rusy50 ca
|
| 101 |
0 |
|
|a rus
|
| 102 |
|
|
|a RU
|
| 135 |
|
|
|a drcn ---uucaa
|
| 181 |
|
0 |
|a i
|
| 182 |
|
0 |
|a b
|
| 200 |
1 |
|
|a Распределение химического загрязнения воздуха в зависимости от расстояния для точечного источника на примере ТЭЦ-3 г. Барнаула
|f Е. А. Покровская
|g науч. рук. Н. К. Рыжакова
|d Distribution of chemical contamination of air as a function of distance for point source for the example of CHP-3, Barnaul
|
| 203 |
|
|
|a Текст
|c электронный
|
| 215 |
|
|
|a 1 файл(529 Кб)
|
| 225 |
1 |
|
|a Математика
|
| 300 |
|
|
|a Заглавие с экрана
|
| 320 |
|
|
|a [Библиогр.: с. 641 (6 назв.)]
|
| 330 |
|
|
|a In the report the application of mathematical modeling of transport of chemical contaminants from a point source is shown. As the source of CHP-3 Barnaul was taken. For the study of air pollution by chemical elements moss-bioindicator method was used.
|
| 337 |
|
|
|a Adobe Reader
|
| 463 |
|
1 |
|0 (RuTPU)RU\TPU\book\256864
|t Перспективы развития фундаментальных наук
|l Prospects of fundamental sciences development
|o сборник научных трудов IX Международной конференция студентов и молодых ученых, г. Томск, 24-27 апреля 2012 г.
|f Национальный исследовательский Томский политехнический университет (ТПУ) ; ред. коллегия Е. А. Вайтулевич ; Г. А. Лямина ; Г. А. Воронова ; М. П. Никитич ; А. М. Лидер ; Ю. Р. Цой ; М. Е. Семенов
|v [С. 639-641]
|d 2012
|
| 510 |
1 |
|
|a Distribution of chemical contamination of air as a function of distance for point source for the example of CHP-3, Barnaul
|z eng
|
| 610 |
1 |
|
|a электронный ресурс
|
| 610 |
1 |
|
|a труды учёных ТПУ
|
| 610 |
1 |
|
|a химические загрязнения
|
| 610 |
1 |
|
|a точечные источники
|
| 610 |
1 |
|
|a распределение
|
| 610 |
1 |
|
|a загрязненный воздух
|
| 610 |
1 |
|
|a ТЭЦ
|
| 610 |
1 |
|
|a Барнаул
|
| 700 |
|
1 |
|a Покровская
|b Е. А.
|c физик
|c техник-дозиметрист Томского политехнического университета
|f 1989-
|g Елена Александровна
|3 (RuTPU)RU\TPU\pers\32617
|
| 702 |
|
1 |
|a Рыжакова
|b Н. К.
|c физик
|c доцент Томского политехнического университета, кандидат физико-математических наук
|f 1947-
|g Надежда Кирилловна
|4 727
|
| 801 |
|
1 |
|a RU
|b 63413507
|c 20101016
|
| 801 |
|
2 |
|a RU
|b 63413507
|c 20160413
|g RCR
|
| 856 |
4 |
|
|u http://www.lib.tpu.ru/fulltext/c/2012/C21/215.pdf
|
| 942 |
|
|
|c CF
|